000 00291nam a22001337a 4500
003 SGT
082 _a370
_bC15Y
100 _aYADAV, H.S.
245 _aCONTEMPORARY INDIA AND EDUCATION
260 _aLUDHIANA
_bTANDON PUB
_c2015
300 _a454
650 _aEDUCATION
942 _2ddc
_cBK
_018
999 _c12751
_d12751